000 00616nam a22002177a 4500
003 OSt
005 20260327140933.0
008 260327b |||||||| |||| 00| 0 eng d
020 _a9780335251605
040 _cHS LRC
050 _aQ 180.55.M4
_b.F939 2025
100 _aFrost, Nollaig
_9131528
245 _aBeing a researcher /
_cNollaig Frost
260 _aUnited Kingdom :
_bOpen University Press,
_cc2025.
265 _aCDB
300 _a212 pages ;
_c23 cm.
365 _b5,808.00
504 _aIncludes bibliography
650 _aResearch methodology
_xHandbooks, manuals, etc.
_9131529
942 _2lcc
_cBK
999 _c94042
_d94042